Los partidos / (Record no. 39175)

MARC details
000 -LEADER
campo de control de longitud fija 00841nam a2200241 i 4500
001 - NÚMERO DE CONTROL
campo de control 39175
003 - IDENTIFICADOR DE NÚMERO DE CONTROL
campo de control ES-MaACL
005 - FECHA Y HORA DE LA ÚLTIMA TRANSACCIÓN
campo de control 20251224063016.0
007 - CAMPO FIJO DE DESCRIPCIÓN FÍSICA--INFORMACIÓN GENERAL
campo de control de longitud fija t|
008 - DATOS DE LONGITUD FIJA--INFORMACIÓN GENERAL
campo de control de longitud fija 030227s1839 sp ||||1| spa d
080 ## - NÚMERO DE LA CLASIFICACIÓN DECIMAL UNIVERSAL
Número de la Clasificación Decimal Universal 329(460)"18"
080 ## - NÚMERO DE LA CLASIFICACIÓN DECIMAL UNIVERSAL
Número de la Clasificación Decimal Universal 94(460)"1833/40"
100 1# - ENTRADA PRINCIPAL--NOMBRE DE PERSONA
Nombre de persona Campuzano, Joaquín Francisco,
Fechas asociadas al nombre 1786-1860
9 (RLIN) 34341
245 14 - MENCIÓN DEL TÍTULO
Título Los partidos /
Mención de responsabilidad, etc. Joaquín Francisco Campuzano.
260 ## - PUBLICACIÓN, DISTRIBUCIÓN, ETC.
Lugar de publicación, distribución, etc. Madrid :
Nombre del editor, distribuidor, etc. [s.n.],
Fecha de publicación, distribución, etc. 1839 (
Fabricante Imp. de Miguel de Burgos)
300 ## - DESCRIPCIÓN FÍSICA
Extensión 15 p. ;
Dimensiones 21 cm.
530 ## - NOTA DISPONIBLE DE FORMULARIO FÍSICO ADICIONAL
Nota de formato físico adicional disponible Disponible en formato digital.
650 #4 - PUNTO DE ACCESO ADICIONAL DE MATERIA--TÉRMINO DE MATERIA
Término de materia o nombre geográfico como elemento de entrada Partidos políticos-
Subdivisión geográfica España-
Subdivisión cronológica S.XIX.
9 (RLIN) 138923
651 #4 - PUNTO DE ACCESO ADICIONAL DE MATERIA--NOMBRE GEOGRÁFICO
Nombre geográfico España-
Subdivisión general Historia-
Subdivisión cronológica 1833-1840, Guerra carlista
9 (RLIN) 8250
852 4# - LOCALIZACIÓN
Ubicación ES-MaACL
Número de control de estantería T-12-F-14
856 4# - LOCALIZACIÓN Y ACCESO ELECTRÓNICOS
Identificador Uniforme de Recursos <a href="http://bdh-rd.bne.es/viewer.vm?id=0000096296&page=1 ">http://bdh-rd.bne.es/viewer.vm?id=0000096296&page=1 </a>
Nota pública Biblioteca Digital Hispánica
Holdings
Estatus retirado Estado de pérdida Estado de daño No para préstamo Colección Biblioteca de origen Biblioteca actual Ubicación en estantería Fecha de adquisición Fuente de adquisición Total de préstamos Signatura topográfica completa Código de barras Visto por última vez Precio de reemplazo Tipo de ítem Koha
        Colección de folletos Biblioteca del Ateneo de Madrid Biblioteca del Ateneo de Madrid Depósito folletos 17/01/2008     T-12-F-14 1041253 23/02/2023 23/02/2023 Folleto